01137nam a22003137a 4500003000500000005001700005008004100022010001000063011001000073035001000083040000900093090001000102100004700112245006200159260004000221300003000261502009900291590003700390590004100427590004100468590004100509590004200550650002800592901000700620942001000627949004200637999001700679952012700696CHAP20220329133909.0971013s1994 r 00010 d a12404 a13376 a17447 cCHAP aTesis00aGarcía Sánchez, Roberto Carlos.946652 aAnálisis de los precios de huevo en México, 1967-1992 aChapingo, Méx. :bEl autor,c1994 a95 h.b: ilus. ; gráfs. aTesis (Ing. Agr. Esp. en Economía Agrícola) -- UACH. Departamento de Economía Agrícola aALEPHb10c20130110lUCH01h1231 aBATCH-UPDb10c20130110lUCH01h0035 aBATCH-UPDb10c20130409lUCH01h2018 aBATCH-UPDb10c20130914lUCH01h1530 aCONVERSIONb10c20130109lUCH01h130814aHuevosxPrecios.956757 aBK cTESIS bBCcTESd-41176eTS1h30127i17447si c12404d12404 00102local4051708TESISaBCbBCcPA_TESISd2019-12-31fTESISl0oTesisp-41176r2019-12-31 00:00:00w2019-12-31yTESIS